000 00535nam a2200181 a 4500
001 9288
003 CO-ViMGA
008 141112s2004 ck r 000 u spa d
020 _a9589333966
040 _aCO-ViMGA
_bspa
_cCO-ViMGA
082 0 4 _a340 P438
100 1 _aPerez Silva ; Carlos Vicente,
_910010
245 1 0 _aLa picaresca judicial en Colombia.
260 _aBogotá :
_bEdiciones Juridicas,
_cGustavo Ibañez,
_c1999.
300 _a406p.
650 1 4 _aEPISODIOS E HISTORIETAS, HISTORIETAS, DERECHO.
_910011
942 _2ddc
_cBK
999 _c20821
_d20821